=LDR 00000nam 2200000 4500 =001 INLIS000000000000088 =005 20150114093123.0 =006 =007 =008 Ind =035 ##$$0010-061300000000088 =041 ##$$a Ind =082 ##$$a 901 =090 ##$$a 901 Ran m =100 ##$$a Ranier, G.J =245 ##$$a Metode dan manfaat ilmu sejarah / G.j.Renier; Penerjemah, Muin Umar =260 ##$$aYogyakarta$bPustaka Pelajar$c1997 =300 ##$$a xi,292 hlm. ; 21 cm =650 ##$$a Sejarah, ilmu =700 ##$$a Umar, Muin =850 ##$$a NBPDMAT